[Event "SN-2010-0-00302"]
[Site "LSS email"]
[Date "2011.01.11"]
[Round "?"]
[White "Gnuva, Luca"]
[Black "Tibor, Novak"]
[Result "1-0"]
[WhiteElo "1236"]
[BlackElo "1019"]
[PlyCount "59"]
[EventDate "2010.12.25"]
[EventType "tourn (corr)"]
[EventRounds "6"]
[EventCountry "GER"]
[SourceTitle "Corr 2022"]
[Source "ChessBase"]
[SourceDate "2021.10.24"]
[SourceVersion "1"]
[SourceVersionDate "2021.10.24"]
[SourceQuality "1"]

1. e4 e5 2. Nf3 d6 3. Bc4 a6 4. 0-0 Nf6 5. Re1 b5 6. Bb3 Nxe4 7. Rxe4 Bf5 8. Re1 e4 9. Nd4 Bg6 10. Nc3 Qd7 11. Nxe4 Be7 12. d3 0-0 13. Bg5 Bxe4 14. Bxe7 Qxe7 15. Rxe4 Qf6 16. c3 Nd7 17. Qf3 Ne5 18. Qxf6 gxf6 19. Rae1 Nxd3 20. R1e2 c5 21. Nf5 c4 22. Bd1 Nxb2 23. Rxb2 Rfe8 24. Rbe2 Re5 25. Rxe5 dxe5 26. Kf1 Rc8 27. Ne7+ Kg7 28. Nxc8 a5 29. Nd6 b4 30. cxb4 1-0

[Event "SN-2010-0-00302"]
[Site "LSS email"]
[Date "2011.01.11"]
[Round "?"]
[White "Tibor, Novak"]
[Black "Fuller, Christopher"]
[Result "0-1"]
[WhiteElo "1019"]
[BlackElo "1051"]
[PlyCount "86"]
[EventDate "2010.12.25"]
[EventType "tourn (corr)"]
[EventRounds "6"]
[EventCountry "GER"]
[SourceTitle "Corr 2022"]
[Source "ChessBase"]
[SourceDate "2021.10.24"]
[SourceVersion "1"]
[SourceVersionDate "2021.10.24"]
[SourceQuality "1"]

1. d4 g6 2. Nc3 Bg7 3. Nf3 Bf6 4. Bf4 d6 5. e4 Bg4 6. h3 Bxf3 7. Qxf3 Bxd4 8. Bc4 Nf6 9. 0-0 Nc6 10. Bb5 a6 11. Bxc6+ bxc6 12. Rad1 c5 13. Rfe1 0-0 14. Nd5 Nxd5 15. exd5 Bxb2 16. Bg5 Bf6 17. Bxf6 exf6 18. c4 a5 19. Rb1 Re8 20. Qc3 Rxe1+ 21. Qxe1 Qe8 22. Qxe8+ Rxe8 23. Rb7 Re4 24. Rxc7 Rxc4 25. Rc6 Rc1+ 26. Kh2 Rc2 27. Rxd6 Rxa2 28. Rxf6 Rd2 29. d6 Kg7 30. Rf4 Rxd6 31. Ra4 Rd2 32. Rxa5 Rxf2 33. Rxc5 f5 34. Kg3 Re2 35. Rc4 h5 36. Rc7+ Kh6 37. Rc8 Re3+ 38. Kf4 Re4+ 39. Kf3 h4 40. Rh8+ Kg5 41. g4 Rf4+ 42. Ke3 fxg4 43. hxg4 Rxg4 0-1

[Event "OP-2010-0-01313"]
[Site "LSS email"]
[Date "2010.11.12"]
[Round "?"]
[White "Tibor, Novak"]
[Black "Sviderskij, Andrew"]
[Result "0-1"]
[WhiteElo "1050"]
[BlackElo "1992"]
[PlyCount "72"]
[EventDate "2010.11.08"]
[EventType "tourn (corr)"]
[EventRounds "4"]
[EventCountry "GER"]
[SourceTitle "Corr 2022"]
[Source "ChessBase"]
[SourceDate "2021.10.24"]
[SourceVersion "1"]
[SourceVersionDate "2021.10.24"]
[SourceQuality "1"]

1. e4 c6 2. Nc3 d5 3. Be2 d4 4. Nb1 e5 5. Nf3 Bd6 6. c3 c5 7. cxd4 cxd4 8. d3 Nc6 9. a3 Nf6 10. Bg5 h6 11. Bxf6 Qxf6 12. Nbd2 0-0 13. h3 Be6 14. h4 b5 15. Rc1 Rfc8 16. a4 a6 17. Ra1 Nb4 18. 0-0 Rab8 19. Nb1 Nc2 20. Nbd2 Nxa1 21. Qxa1 Bb4 22. axb5 axb5 23. Nb3 Bxb3 24. Qa7 Ra8 25. Qb7 Qd6 26. Qxb5 Ra5 27. Qb7 Rb8 28. Qxb8+ Qxb8 29. Ra1 Rxa1+ 30. Bd1 Rxd1+ 31. Ne1 Rxe1+ 32. Kh2 Bd1 33. g3 Bf3 34. g4 Qc8 35. g5 Rh1+ 36. Kg3 Qg4# 0-1

[Event "LSS ZN-2010-0-01075"]
[Site "LSS email"]
[Date "2010.06.20"]
[Round "?"]
[White "Tibor, Novak"]
[Black "Jaszczowski, Zdzislaw"]
[Result "1-0"]
[WhiteElo "1097"]
[BlackElo "1240"]
[PlyCount "91"]
[EventDate "2010.06.09"]
[EventType "match (corr)"]
[EventRounds "2"]
[EventCountry "GER"]
[SourceTitle "Corr 2024"]
[Source "ChessBase"]
[SourceDate "2023.10.19"]
[SourceVersion "1"]
[SourceVersionDate "2023.10.19"]
[SourceQuality "1"]

1. e4 e5 2. Nf3 d6 3. Bc4 c6 4. d4 exd4 5. Qxd4 Nf6 6. Bg5 Be7 7. Bxf6 Bxf6 8. e5 dxe5 9. Qe4 0-0 10. Bd3 g6 11. h4 Bf5 12. Qc4 Be6 13. Qb4 Qc7 14. Nc3 a5 15. Qe4 Nd7 16. 0-0 Bf5 17. Qe2 Bg4 18. Qe3 Rae8 19. Ng5 b5 20. f3 Be6 21. Nxe6 fxe6 22. h5 Bg7 23. hxg6 h6 24. Ne4 Rf4 25. g3 Rff8 26. Rad1 Nf6 27. Nxf6+ Rxf6 28. Rf2 Rff8 29. c4 b4 30. c5 Rd8 31. f4 e4 32. Qxe4 Kh8 33. Rh2 Bd4+ 34. Kg2 Kg7 35. Qxe6 Rde8 36. Qh3 Rh8 37. Qf5 Rhf8 38. Qh5 Rh8 39. f5 Qe5 40. f6+ Qxf6 41. Rf1 Qg5 42. Qxg5 hxg5 43. Rf7+ Kg8 44. Bc4 Rxh2+ 45. Kxh2 Kh8 46. Rh7# 1-0

[Event "LSS No Engine Cup 23 Preliminary 5"]
[Site "LSS email"]
[Date "2010.06.04"]
[Round "?"]
[White "Albesa, Alfredo Ricardo"]
[Black "Tibor, Novak"]
[Result "1-0"]
[WhiteElo "1010"]
[BlackElo "681"]
[PlyCount "55"]
[EventDate "2010.06.05"]
[EventType "tourn (corr)"]
[EventRounds "6"]
[EventCountry "GER"]
[SourceTitle "Telechess CBM 143"]
[Source "ChessBase"]
[SourceDate "2011.07.15"]
[SourceVersion "1"]
[SourceVersionDate "2011.07.15"]
[SourceQuality "1"]

1. e4 e5 2. Nf3 d6 3. d4 exd4 4. Nxd4 c5 5. Bb5+ Bd7 6. Bxd7+ Nxd7 7. Nf3 Ngf6 8. 0-0 Nxe4 9. Re1 f5 10. Qd5 b6 11. Qxf5 Ndf6 12. Ng5 g6 13. Rxe4+ Be7 14. Qxf6 Rf8 15. Qg7 Kd7 16. Ne6 Rg8 17. Qxh7 Qe8 18. Nc7 Kxc7 19. Rxe7+ Qxe7 20. Qxe7+ Kc6 21. Bf4 Rad8 22. Nd2 Rge8 23. Qxa7 Re2 24. Qa4+ Kb7 25. Nc4 Rf8 26. Nxd6+ Kb8 27. Qa6 Rxf4 28. Qb7# 1-0

[Event "LSS No Engine Cup 23 Preliminary 5"]
[Site "LSS email"]
[Date "2010.06.04"]
[Round "?"]
[White "Tibor, Novak"]
[Black "Fernandez, German"]
[Result "0-1"]
[WhiteElo "659"]
[BlackElo "980"]
[PlyCount "67"]
[EventDate "2010.06.05"]
[EventType "tourn (corr)"]
[EventRounds "6"]
[EventCountry "GER"]
[SourceTitle "Telechess CBM 143"]
[Source "ChessBase"]
[SourceDate "2011.07.15"]
[SourceVersion "1"]
[SourceVersionDate "2011.07.15"]
[SourceQuality "1"]

1. e4 c5 2. Bc4 Nc6 3. Qf3 Ne5 4. Qc3 Nxc4 5. Qxc4 e6 6. Nc3 Nf6 7. d4 Qc7 8. Nb5 Qc6 9. d5 exd5 10. exd5 Nxd5 11. Qe4+ Qe6 12. f3 a6 13. Nc3 Nxc3 14. Qxe6+ dxe6 15. bxc3 Bd7 16. Ne2 Bb5 17. Bb2 Be7 18. a4 Bxe2 19. Kxe2 0-0-0 20. c4 Bf6 21. Bxf6 gxf6 22. g4 h5 23. h4 Rd4 24. Ra3 Rxc4 25. Kd2 hxg4 26. fxg4 Rxg4 27. Rc3 c4 28. Rf1 f5 29. Rb1 Rhxh4 30. Rb4 Rd4+ 31. Ke3 Rhe4+ 32. Kf3 Rh4 33. Re3 Rh3+ 34. Kg2 0-1

[Event "ZN-2010-0-00986"]
[Site "LSS email"]
[Date "2010.04.11"]
[Round "?"]
[White "Tibor, Novak"]
[Black "Brus, Hartmut"]
[Result "0-1"]
[WhiteElo "1165"]
[BlackElo "800"]
[PlyCount "58"]
[EventDate "2010.04.05"]
[EventType "match (corr)"]
[EventRounds "2"]
[EventCountry "GER"]
[SourceTitle "Corr 2022"]
[Source "ChessBase"]
[SourceDate "2021.10.24"]
[SourceVersion "1"]
[SourceVersionDate "2021.10.24"]
[SourceQuality "1"]

1. e4 e5 2. Nf3 Nc6 3. d4 exd4 4. Nxd4 Nf6 5. Nc3 Bb4 6. Bg5 h6 7. Bxf6 Qxf6 8. Be2 Qxd4 9. 0-0 Qxd1 10. Raxd1 Bxc3 11. bxc3 d6 12. Bb5 Be6 13. a3 Ke7 14. f4 a6 15. Be2 b5 16. f5 Bd7 17. Bf3 Ne5 18. Be2 f6 19. Rf4 a5 20. Rd5 Rab8 21. a4 c6 22. Rd1 bxa4 23. Ra1 c5 24. g4 Rb2 25. Bd1 Rhb8 26. Ra3 Nc4 27. Ra1 Rb1 28. Rxb1 Rxb1 29. Rf1 a3 0-1

[Event "LSS No Engine Cup 20 Preliminary 5"]
[Site "LSS email"]
[Date "2010.04.05"]
[Round "?"]
[White "Jostov, Keylah"]
[Black "Tibor, Novak"]
[Result "1-0"]
[WhiteElo "1162"]
[BlackElo "638"]
[PlyCount "33"]
[EventDate "2010.04.06"]
[EventType "tourn (corr)"]
[EventRounds "6"]
[EventCountry "GER"]
[SourceTitle "Corr 2015"]
[Source "ChessBase"]
[SourceDate "2015.07.17"]
[SourceVersion "1"]
[SourceVersionDate "2015.07.17"]
[SourceQuality "1"]

1. d4 d5 2. c4 dxc4 3. Nf3 c5 4. e4 Bg4 5. d5 Nf6 6. Nc3 Qa5 7. e5 Nfd7 8. Bxc4 e6 9. dxe6 Nxe5 10. Bb5+ Nbc6 11. exf7+ Kxf7 12. Qd5+ Be6 13. Ng5+ Ke8 14. Qxe6+ Kd8 15. 0-0 Qc7 16. Bxc6 Nf3+ 17. Bxf3 1-0

[Event "LSS RN-2010-0-00254"]
[Site "LSS email"]
[Date "2010.01.21"]
[Round "?"]
[White "Krivosheya, Dmitrij"]
[Black "Tibor, Novak"]
[Result "0-1"]
[WhiteElo "800"]
[BlackElo "1400"]
[PlyCount "72"]
[EventDate "2010.01.04"]
[EventType "tourn (corr)"]
[EventRounds "6"]
[EventCountry "GER"]
[SourceTitle "Corr 2022"]
[Source "ChessBase"]
[SourceDate "2021.10.24"]
[SourceVersion "1"]
[SourceVersionDate "2021.10.24"]
[SourceQuality "1"]

1. e4 e5 2. Nf3 Nf6 3. Nc3 Nc6 4. Bb5 Nd4 5. Nxe5 Nxb5 6. Qe2 Nxc3 7. bxc3 Bd6 8. Ng4 Nxg4 9. Qxg4 0-0 10. d3 Bc5 11. e5 d6 12. Qg3 dxe5 13. Bh6 Qf6 14. Bg5 Qf5 15. Bh6 Bxf2+ 16. Qxf2 Qxf2+ 17. Kxf2 gxh6 18. Rae1 Re8 19. d4 f6 20. Re3 Bf5 21. Rhe1 Bxc2 22. dxe5 fxe5 23. Rxe5 Rxe5 24. Rxe5 Rd8 25. Re3 Bd3 26. g3 Rf8+ 27. Kg1 Bf5 28. h4 Rd8 29. Rf3 Rd1+ 30. Kh2 Be4 31. Kg2 Bxf3+ 32. Kxf3 Rc1 33. h5 Rxc3+ 34. Kg2 c5 35. Kf2 Rd3 36. Ke2 Rd8 0-1